Each MLB Team's Best Non-HOFers - Statistics

General Stats
  • This quiz has been taken 38 times
  • The average score is 14 of 30
Answer Stats
Team Answer % Correct
Blue Jays Dave Stieb | Tony Fernandez | Carlos Delgado | Jimmy Key | Jesse Barfield
78%
A's Sal Bando | Bert Campaneris | Bob Johnson | Mark McGwire | Barry Zito
78%
Diamondbacks Brandon Webb | Luis Gonzalez | Steve Finley | Dan Haren | Miguel Batista
75%
Astros Jose Cruz | Cesar Cedeno | Lance Berkman | Roy Oswalt | Jim Wynn
72%
Angels Chuck Finley | Jim Fregosi | Tim Salmon | Brian Downing | Bobby Grich
69%
Giants Bobby Bonds | Will Clark | Johnny Antonelli | Jim Barr | Robby Thompson
66%
Reds Pete Rose | Vada Pinson | Bucky Walters | Dave Concepcion | George Foster
66%
Mets Dwight Gooden | Jerry Koosman | Darryl Strawberry | Edgardo Alfonzo | Sid Fernandez
56%
Royals Kevin Appier | Amos Otis | Willie Wilson | Bret Saberhagen | Mark Gubicza
56%
Cubs Stan Hack | Rick Reuschel | Mark Grace | Carlos Zambrano | Bill Nicholson
53%
Dodgers Willie Davis | Ron Cey | Orel Hershiser | Gil Hodges | Jim Gillam
53%
Red Sox Dwight Evans | Nomar Garciaparra | Rico Petrocelli | Luis Tiant | Reggie Smith
50%
Braves Dale Murphy | Wally Berger | Tommy Holmes | Johnny Logan | Joe Torre
47%
Mariners Jamie Moyer | Jay Buhner | Alvin Davis | Bret Boone | Mark Langston
47%
Tigers Lou Whitaker | Norm Cash | Tommy Bridges | Dizzy Trout | Mickey Lolich
41%
Orioles Mark Belanger | Paul Blair | Bobby Grich | Boog Powell | Brady Anderson
41%
Rockies Vinny Castilla | Aaron Cook | Andres Galarraga | Ellis Burks | Steve Reed
41%
Yankees Willie Randolph | Bernie Williams | Ron Guidry | Roy White | Thurman Munson
41%
Cardinals Ken Boyer | Curt Flood | Harry Brecheen | Jim Edmonds | Ray Lankford
38%
Rangers Rafael Palmeiro | Buddy Bell | Jim Sundberg | Charlie Hough | Toby Harrah
38%
Nationals/Expos Steve Rogers | Tim Wallach | Dennis Martinez | Marquis Grissom | Javier Vasquez
38%
White Sox Wilbur Wood | Billy Pierce | Minnie Minoso | Robin Ventura | Paul Konerko
38%
Pirates Bob Friend | Dave Parker | John Candelaria | Vern Law | Andy Van Slyke
34%
Brewers Cecil Cooper | Teddy Higuera | Don Money | Jeff Cirillo | Ben Sheets
34%
Padres Andy Ashby | Andy Benes | Gene Tenace | Randy Jones | Gene Richards
28%
Marlins Josh Johnson | Luis Castillo | Dontrelle Willis | Cliff Floyd | Dan Uggla
28%
Indians Kenny Lofton | Mel Harder | Sam McDowell | Wes Ferrell | Ken Keltner
25%
Twins/Senators Brad Radke | Tony Oliva | Buddy Myer | Kent Hrbek | Chuck Knoblauch
19%
Rays Carlos Pena | Julio Lugo | Aubrey Huff | Jason Bartlett | Rocco Baldelli
16%
Phillies Bobby Abreu | Johnny Callison | Dick Allen | Del Ennis | Chris Short
13%
No matching quizzes found
Score Distribution
Percent of People with Each Score
Percentile by Number Answered
Your Score History
You have not taken this quiz